| 000 | 00813nam a2200229 i 4500 | ||
|---|---|---|---|
| 001 | 141161 | ||
| 003 | ES-MaACL | ||
| 005 | 20260127145240.0 | ||
| 007 | t| | ||
| 008 | 070919s1932 sp ||||1| spa d | ||
| 100 | 1 |
_aVitoria, Francisco de. _9115517 |
|
| 245 | 1 | 0 |
_aManÃpulo de flores / _cdel Mro. Fr. Francisco de Vitoria ; recogidas por el P. Getino. |
| 260 |
_aMadrid : _b[s.n.], _c1932 ( _fImp. La Rafa) |
||
| 300 |
_a157 p. ; _c22 cm. |
||
| 530 | _aDisponible en formato digital. | ||
| 650 | 4 |
_aMoral práctica- _vObras anteriores a 1800. _9167917 |
|
| 700 | 1 |
_aAlonso Getino, Luis G. _920331 |
|
| 852 | 4 |
_aES-MaACL _jA-1053 |
|
| 856 | 4 |
_uhttps://www.euskariana.euskadi.eus/euskadibib/es/bib/1428734.do?queryId=13731&position=1 _yBiblioteca Digital Vasca |
|
| 942 | _2udc | ||
| 999 |
_c141161 _d141161 |
||